000 00903cam a2200241 i 4500
999 _c14336
_d14336
003 OSt
005 20260217160524.0
008 141219s2014 sz abe bc 000 0 eng
020 _a9783906027494
_qcl.
042 _apcc
245 0 4 _aThe inhabited pathway :
_bthe built work of Alberto Ponis in Sardinia /
_cedited by Sebastiano Brandolini.
300 _a240 pages :
_bchiefly illustrations (some color), maps, plans ;
_c31 cm
504 _aIncludes bibliographical references.
600 1 0 _aPonis, Alberto,
_d1933-
_vCatalogs.
650 0 _aArchitect-designed houses
_zItaly
_zSardinia
_vCatalogs.
650 0 _aArchitecture, Domestic
_zItaly
_zSardinia
_vCatalogs.
651 0 _aSardinia (Italy)
_xBuildings, structures, etc.
651 0 _aSardinia (Italy)
_vPictorial works.
655 7 _aCatalogs.
_2lcgft
655 7 _aIllustrated works.
_2lcgft
700 1 _aBrandolini, Sebastiano.
942 _2ddc